[Event "Mataro GM 1st"]
[Site "Mataro"]
[Date "2005.01.04"]
[Round "8"]
[White "Moskalenko, Viktor"]
[Black "Tissir, Mohamed"]
[Result "1/2-1/2"]
[WhiteElo "2551"]
[BlackElo "2394"]
[Annotator "Cifuentes Parada,L"]
[PlyCount "53"]
[EventDate "2004.12.26"]
[EventType "tourn"]
[EventRounds "9"]
[EventCountry "ESP"]
[EventCategory "9"]
[SourceTitle "CBM 106"]
[Source "ChessBase"]
[SourceDate "2005.06.06"]
[SourceVersion "1"]
[SourceVersionDate "2005.06.06"]
[SourceQuality "1"]

1. d4 d5 2. c4 c6 3. Nf3 e6 4. Nc3 Nf6 5. e3 Nbd7 6. Bd3 dxc4 7. Bxc4 b5 8. Bd3
Bd6 {Esta es una jugada bastante interesante que no se presenta muy a menudo
en la práctica de torneos de alto nivel, pero que requiere por parte del
blanco, jugar con precisión para luchar por la ventaja.} 9. Qc2 $1 {Este es el
orden correcto.} ({Curiosamente, con la jugada natural} 9. O-O {la posición
del negro es bastante satisfactoria e incluso creo que las blancas están más
cercanas a caer en problemas. Veamos:} O-O (9... Bb7 10. e4 e5 11. dxe5 Nxe5
12. Nxe5 Bxe5 13. f4 Bc7 $2 (13... Bd4+ $5 14. Kh1 h5 $1 15. e5 Ng4 16. Ne4 Qh4
17. h3 c5 $1 (17... O-O 18. f5 $13) 18. Bxb5+ (18. Nd6+ $2 Kf8 $19) 18... Ke7
19. Qf3 (19. Qe2 $2 Rab8 $1 {/\Bxe4,Qg3}) 19... Rab8 20. Qg3 Qxg3 21. Nxg3 Nf2+
22. Kh2 Ng4+ $11) 14. e5 Ng4 $2 (14... Nd5 15. Kh1 O-O 16. Nxd5 Qxd5 17. Qc2 g6
18. Be3 $16) 15. Qxg4 $1 Qxd3 16. Rd1 h5 17. Qxg7 Qh7 18. Qxh7 Rxh7 19. Ne4 Kf8
20. Be3 $18 {Kasparov,G-Short,N/Reykjavik rapid 2004}) 10. e4 (10. Qc2 {ver D46
}) (10. b3 Bb7 11. Bb2 a6 12. a4 b4 (12... bxa4 13. Nxa4 c5 14. dxc5 Bxc5 (
14... Nxc5 15. Nxc5 Bxc5 16. Qc2 Rc8 17. Rfd1 Qb6 18. Bxf6 gxf6 19. Qc4 Qb4 20.
Qxb4 Bxb4 21. Bxa6 $14) 15. Rc1 (15. Bxf6 Qxf6 16. Bxh7+ Kxh7 17. Qxd7 Bxf3 18.
gxf3 Qxf3 19. Qd1 $11) 15... Bb4 16. Qe2) 13. Ne4 Nxe4 14. Bxe4 Nf6 15. Bd3 c5
16. dxc5 Bxc5 17. Rc1 Bd6 18. Qe2 {1/2-1/2 Maksimenko-Savchenko,Rusia 1998})
10... e5 11. Re1 $6 (11. Bg5 Bb7 12. Re1 h6 13. Bh4 a6 {/\Re8,c5} 14. Rc1 Re8
15. Bg3 c5 16. dxe5 Nxe5 $11) 11... exd4 $142 $1 (11... a6 12. h3 c5 13. d5 c4
14. Bc2 Ne8 $1 15. a3 Bc5 $15 16. b4 cxb3 17. Bxb3 Nd6 18. Qe2 Re8 19. Bg5 f6
20. Be3 Qb6 21. Bxc5 (21. a4 Bxe3 22. Qxe3 Qxe3 23. Rxe3 Nc5 24. Nd2 Bd7) 21...
Nxc5 22. Nd2 Bd7 23. Qe3 Rab8 24. Bd1 Rec8 25. Bg4 Bxg4 26. hxg4 Nd7 27. Qxb6
Nxb6 $17 28. Na2 a5 29. Nc1 Rc2 30. Ndb3 Nbc4 31. a4 bxa4 32. Rxa4 Rb5 33. Na1
Rd2 34. Ncb3 Rb2 35. Rc1 Nd2 (35... Nb6 36. Rxa5 R2xb3 37. Nxb3 Rxb3 38. f3)
36. Nxd2 Rxd2 37. Rc6 Rd1+ $1 38. Kh2 Rd4 $3 39. Rxd4 exd4 40. Nc2 (40. Rxd6 d3
41. Nc2 d2 42. Ne3 Rb3 43. Nd1 Rb1 44. Ne3 Re1 $1 $19) 40... d3 41. Ne3 Rb3 $1
42. Rc1 $2 (42. Nf1 $8 Rb1 43. Nd2 Rd1 44. Rxd6 Rxd2 45. Rb6 Rxf2 46. Rb3)
42... Nxe4 $19 43. Kg1 d2 44. Rd1 a4 45. d6 a3 46. d7 Rd3 47. Ra1 Rxd7 48. Nd1
Rc7 {0-1 Cifuentes,R-Sandipan,C/Benasque open 2003}) 12. Nxd4 Ne5 (12... Qc7
13. h3 Rd8 14. Bg5) 13. Bc2 Bg4 14. f3 Bc5 15. Be3 (15. Nce2 Bxf3 $1) 15... Qb6
$1 16. b4 (16. Nce2 Rad8 17. b4 Bxb4 18. Rf1 c5) 16... Bxb4 17. Rb1 Bxc3 18.
Nxb5 Qa5 19. Nxc3 Rfd8 20. Qe2 Qxc3 21. fxg4 Nfxg4 22. Rb3 Qa5 $17) 9... Bb7
10. Bd2 ({Despues de} 10. O-O O-O {traspone a la línea principal. (D46)}) 10...
O-O (10... Rc8 11. a3 c5 12. Nxb5 Bb8 13. Qd1 O-O 14. Be2 Ne4 15. O-O Qf6 16.
Nc3 Nxd2 17. Qxd2 Rfd8 18. Rfd1 Nb6 19. Qd3 cxd4 20. exd4 Qh6 21. g3 Nd5 22.
Ne4 Ne7 23. Nc3 Nf5 24. d5 Bxd5 25. Nxd5 Rxd5 26. Qa6 Rdc5 27. Rd2 Qf6 28. Rad1
g6 29. Qb7 Kg7 30. Qe4 Re8 31. Bb5 Rec8 32. Ba6 Re8 33. Bb5 Rec8 34. Ba6 {
1/2-1/2 Wells,P-Motwani,P/Edinburgh 2003/CBM 095 ext}) 11. e4 e5 12. dxe5 Nxe5
(12... Bxe5 13. Nxe5 Nxe5 14. Be2 Ng6 15. O-O-O Qe7 16. f3 a5 17. Kb1 a4) 13.
Nxe5 Bxe5 14. f4 Bd4 $6 (14... Bxc3 $1 15. Bxc3 c5 16. e5 (16. O-O-O c4 17.
Bxc4 Qc7 $44) 16... c4 $1 17. Bf5 Re8 18. O-O (18. Rd1 Nd5 19. O-O Qh4 20. Bd2
$13) 18... Qb6+ 19. Qf2 $1 (19. Kh1 Nd5 20. Bd2 g6 21. Bg4 Bc8 $1) 19... Qxf2+
20. Kxf2 Nd5 21. Be4 Nxc3 (21... Rab8 22. Bxd5 Bxd5 23. Rfd1 Be6 24. a3 $14)
22. Bxb7 Rab8 23. Bc6 (23. bxc3 Rxb7 24. Rab1 f6 $11) 23... Rec8 24. bxc3 Rxc6
25. Rfd1 f6 $11) 15. e5 Ng4 16. O-O-O (16. Bxh7+ Kh8 17. Bf5 c5 $1 (17... Qh4+
$2 18. g3 Qh5 (18... Qh3 $2 19. O-O-O $1) 19. h3 $1 Bf2+ (19... Nf2 20. Rf1 Qf3
21. Nd1 $1) 20. Ke2 $1 Ne3+ (20... Nh6+ 21. Bg4 $1) 21. g4 Nxf5 (21... Nxc2 22.
gxh5 Nd4+ 23. Kxf2 Nxf5 24. Be3 $16) 22. Qxf5 Qh4 23. Qh5+ $16) (17... Nf2 $2
18. Rf1 Qh4 19. g3 Qxh2 20. Ne4 $1 Nxe4 21. Qxe4 Qxg3+ 22. Kd1 Rfd8 23. e6 $1
g6 24. e7 gxf5 25. e8=Q+ Rxe8 26. Qxd4+ $18) 18. Be4 Qe7 19. Bxb7 (19. Rf1 Nxe5
$1 20. fxe5 Bxc3) 19... Qxb7 20. Ne4 f5 21. Nd6 Qxg2 22. O-O-O Ne3 23. Bxe3
Bxe3+ 24. Kb1 Qxc2+ 25. Kxc2 Bxf4 26. Rd5 Kg8 27. Rxc5 a6 $11) 16... Qh4 $2 (
16... Nf2 $8 17. Bxh7+ Kh8 18. Be4 Qd7 $1 (18... Nxh1 19. Rxh1 Qd7 20. Qd3 g6
21. f5 $36) (18... Qb6 19. Rhf1 Nxd1 20. Qxd1 g6 21. Qf3 b4 22. f5 bxc3 23.
bxc3 Bxe5 24. Qh3+ Kg8 25. fxg6 fxg6 26. Qe6+ $18) 19. Bf5 Qe7 20. Ne4 $5 (20.
Rhf1 Nxd1 21. Qxd1 g6 22. Qg4 Kg7 (22... Bc8 23. Bxc8 Rfxc8 24. f5 $40 (24. Ne4
Qe6)) 23. Ne4) 20... Nxh1 21. Rxh1 c5 22. Nf6 g6 23. h4 Kg7 24. h5 Rh8 25. Bh3
$13) 17. Be1 $1 Qh6 (17... Be3+ 18. Kb1 Qh6 19. Qe2 $1 Qxf4 20. Bg3 Qg5 21. Ne4
$18) 18. Bxh7+ Qxh7 19. Qxh7+ Kxh7 20. Rxd4 c5 21. Rd7 Bc6 22. Rd6 Rac8 23. Nd5
(23. Rg1 $5 Ne3 24. Bf2 Nc4 25. Rd3 b4 26. Bxc5 $1 bxc3 27. Rxc3 Bd5 28. Bxf8
Rxf8 29. b3 Nb6 30. g4 $16) 23... Bxd5 24. Rxd5 Rfd8 (24... Ne3 25. Rd3 $1 Nxg2
$2 26. Rh3+ Kg8 27. Bd2 $1) 25. Rxd8 Rxd8 26. Bg3 $2 (26. g3 $1 c4 27. h3 Ne3
28. Bd2 $1 (28. Bf2 Rd3 29. Re1 Nd5 (29... Nf5 30. g4 Nd4 31. f5 $18) 30. Rd1
Nb4 $1 (30... Rf3 31. Rxd5 Rxf2 32. Rxb5 $18) 31. a3 c3 $1 (31... Rxd1+ 32.
Kxd1 Nd3 33. Bd4 $18) 32. bxc3 Rxc3+ 33. Kb2 Rd3 34. Rc1 Nd5 $132) 28... Rd3
29. g4 $16) 26... Ne3 27. Rg1 $14 1/2-1/2

[Event "Biel 53rd"]
[Site "Biel"]
[Date "2020.07.24"]
[Round "4"]
[White "Harikrishna, Pentala"]
[Black "Keymer, Vincent"]
[Result "1-0"]
[WhiteElo "2719"]
[BlackElo "2558"]
[Annotator "Edouard,R"]
[PlyCount "73"]
[EventDate "2020.07.21"]
[EventType "tourn"]
[EventRounds "7"]
[EventCountry "SUI"]
[EventCategory "17"]
[SourceTitle "CBM 197 Extra"]
[Source "ChessBase"]
[SourceDate "2020.09.30"]
[SourceVersion "1"]
[SourceVersionDate "2020.09.30"]
[SourceQuality "1"]

{[%evp 0,38,29,-11,25,33,19,32,37,49,56,54,46,38,69,51,45,19,-5,-5,-14,-17,-8,
-23,-29,-33,-8,0,1,-5,6,-33,0,-24,-10,-26,-6,7,40,-3,34]} 1. c4 c6 2. d4 d5 3.
Nc3 Nf6 4. e3 e6 5. Nf3 Nbd7 6. Bd3 dxc4 7. Bxc4 b5 8. Bb3 $5 {A rare move
compared to 8.Bd3. Even 8.Be2 has been played more often.} b4 9. Ne2 {The
whole idea will be to play Nf4 and Ng5... then guess what!} Be7 {Here 9...Bd6
and 9...Bb7 definitely deserve attention.} ({However} 9... c5 {looks pretty
risky:} 10. O-O Bb7 11. Ba4 $1 Rc8 (11... Bd6 12. dxc5 Bxc5 13. Ne5 Qc7 14.
Nxd7 Nxd7 15. Qc2 $14) 12. Ne5 Be7 13. dxc5 Bxc5 14. e4 (14. a3 $5 $14 bxa3 $6
15. b4 $1 $16) 14... Ke7 15. Nxd7 Nxd7 16. Qb3 (16. a3 $5) 16... Nf6 17. Bg5
Bxe4 18. Nf4 h6 19. Bxf6+ {½-½ Markos,J (2571)-Stocek,J (2566) SVK 2016}) 10.
O-O (10. Nf4 {would allow Black to play} Ba6 {- a good reason for White to
castle first!}) 10... Bb7 11. Nf4 c5 (11... O-O 12. Ng5 Qa5 13. Nfxe6 fxe6 14.
e4 $1 {A brilliant move!} (14. Nxe6 Rf7 $132) 14... Kh8 15. e5 $2 {No longer
brilliant!} (15. Nxe6 $14 {White will just play with tremendous compensation.})
15... Nd5 16. Nxe6 Rf7 17. Qh5 g6 18. Qh6 Nf8 $15 {1-0 (38) Govciyan,P (2430)
-Crut,A (2350) Aix-les-Bains 2007}) 12. Ng5 O-O $146 (12... Qb6 {was played in
the only existing game, but it seems} 13. Nxf7 $1 Kxf7 14. Nxe6 Bd5 15. Ng5+
Ke8 16. e4 $1 {would be terrible for Black.}) 13. Ngxe6 fxe6 14. Nxe6 Qc8 15.
Nxc5+ $5 {Hari prefers to play wth three pawns and to ignore the f8-rook.} (15.
Nxf8+ Kxf8 16. f3 cxd4 17. exd4 $14) 15... Kh8 (15... Bd5 16. Ne6 Bxe6 17.
Bxe6+ Kh8 18. f3 $14) 16. Nxb7 Qxb7 17. f3 a5 $6 {The start of a very bad plan.
Black had to set himself ready to react in the center:} (17... Rfd8 $1 18. e4
Nc5 19. Be3 (19. Bc4 $6 Rac8 20. Be2 Ne6 $15) 19... Nxb3 20. Qxb3 Qb5 {and
Black's postion is much easier to handle if White doesn't have a bishop pair.})
18. e4 Nb6 19. Qe2 a4 20. Bc2 Rfc8 21. Bd3 a3 22. b3 Qd7 23. Be3 Rc3 24. Rad1
Rd8 25. Kh1 Qe8 26. Bg1 (26. Bd2 $5 Rcc8 27. Rc1 Rxd4 28. Be3 $18) 26... Bf8
27. Qe1 Nbd7 28. Bb1 {[#] Diagram!! Look at Hari's last three moves, preparing
to push his central pawns.} Nh5 $2 ({was smarter, as Black needs to stay ready
to answer e5 with ...Nd5. Now, for example} 28... Qh5 29. Rc1 Rdc8 30. Rxc3
Rxc3 (30... bxc3 31. Qe2 $16) 31. Be3 {would retain a clear advantage for
White.}) 29. e5 $1 Qe6 $2 {A blunder in a bad position.} (29... g6 30. f4 $18)
30. Qh4 {Double-attack!} Qh6 31. g4 Nf4 32. Qxd8 Qh3 33. Rf2 Rxf3 34. Qa8 Rxf2
35. Bxf2 Qxg4 36. Rg1 Qh5 37. Re1 1-0

[Event "Taastrup"]
[Site "Taastrup"]
[Date "1992.??.??"]
[Round "?"]
[White "Hansen, Curt"]
[Black "Gurevich, Mikhail"]
[Result "1-0"]
[WhiteElo "2620"]
[BlackElo "2635"]
[Annotator "Ernst,T"]
[PlyCount "139"]
[EventDate "1992.02.??"]
[EventType "tourn"]
[EventRounds "9"]
[EventCountry "DEN"]
[EventCategory "13"]
[SourceTitle "CBM 028"]
[Source "ChessBase"]
[SourceDate "1992.06.01"]
[SourceVersion "1"]
[SourceVersionDate "1992.06.01"]
[SourceQuality "1"]

1. d4 {Kortschnoj} d5 2. c4 c6 3. Nc3 Nf6 4. e3 e6 5. Nf3 Nbd7 6. Bd3 dxc4 7.
Bxc4 b5 8. Bd3 Bb7 (8... a6 9. e4 c5 10. d5 c4 11. dxe6 cxd3 12. exd7+ Qxd7 13.
O-O {Hansen,Cu-Chernin,A/Taastrup/1992/1/2-1/2/25/ CBM28}) (8... b4 9. Ne4 Be7
10. Nxf6+ Nxf6 11. e4 Bb7 12. Qe2 Qb6 13. O-O Rc8 14. Bg5 h6 15. Bh4 c5 16.
Bxf6 Bxf6 17. d5 $16) 9. e4 b4 10. Na4 c5 11. e5 Nd5 12. dxc5 $1 {Von Hansen
bevorzugt} (12. O-O {Bildet die moderne Hauptvariante.} cxd4 13. Re1 (13. Nxd4
Nxe5 14. Bb5+ Nd7 15. Re1 Rc8 16. Qh5 g6 17. Qe5 Qf6 18. Nf3 (18. Qxf6 N5xf6
19. Bg5 Bg7 20. Bxf6 Bxf6 21. Nxe6 $14 fxe6 22. Rxe6+ Kf7 23. Bxd7 Rc7 24. Rd6
Ke7 25. Re6+ $10) 18... Bg7 $1 $13 {Aseev,K-Dreev,A/Lvov zt/1990/0-1/38/ 
->CBM 18}) 13... g6 14. Bg5 (14. Bd2 $5) 14... Be7 (14... Qa5 $6 $14 {ECO 47/
15 =} 15. Nxd4 a6 16. a3 $1 bxa3 17. bxa3 Bg7 18. Rb1 Rb8 19. Bd2 $14 Qd8 20.
Rxb7 Rxb7 21. Bxa6 Qa8 22. Bxb7 Qxb7 23. Bb4 $1 {Pinter,J-Kaidanov,G/Budapest/
1989/1-0/53/}) 15. Bxe7 Qxe7 16. Bb5 O-O 17. Bxd7 Qxd7 18. Nc5 Qe7 {N;} (18...
Qb5 $16 {ECO D47/14,91}) 19. Qxd4 Rad8 $10 {Kozul,Z-Tukmakov,V/Toronto/1990/1/
2-1/2/44/ -> CBM 20}) 12... Qa5 (12... Nxc5 13. Bb5+ Nd7 14. Bg5 Qa5 $5 (14...
Be7 $2 15. Nc5 $1 Bxg5 16. Bxd7+ Kf8 17. Bxe6 $1 $18) 15. Bxd7+ Kxd7 16. O-O
Bc6 (16... h6 17. Bd2 (17. Be3) 17... Bc6 18. b3 Bxa4 19. bxa4 Bc5 20. a3 Rhc8
21. Rb1 Rab8 22. Ne1 Ke8 23. Qg4 Qxa4 24. axb4 Bf8 {Cvitan,O-Kharlov,A/Bern (4)
/1992/1/2-1/2/46/ CBM 28}) 17. b3 $16 {Balashov,Y-Mariotti,S/Leningrad/1977/
1-0/39/  Inf.24/548} Bxa4 18. bxa4 h6 19. Be3 $1 Be7 20. Nd4 Rhc8 21. Qh5 $1 g6
22. Qf3 $16) (12... Bxc5 13. Nxc5 Nxc5 14. Bb5+ Ke7 $5 (14... Kf8 15. O-O h6
16. Qd4 (16. Qe2 Qb6 17. Bc4 Ke7 18. Bxd5 Bxd5 19. Be3 Rhc8 $13 {Pameswaren,
T-Anand,V/Calcutta/1992/0-1/62/  Express 27} 20. Rfc1 Qa5 21. Nd4) 16... Qb6
17. Bc4 Rd8 18. Qg4 $16 {Ungureanu,E-Omar,I/Albania/1967/1-0/36/ Inf.4/661})
15. Qd4 Qb6 16. Bc4 $5 Nd7 17. Qg4 $14 {Polugaevsky,L-Panno,O/Palma de
Mallorca/1972/0-1/48/ Inf.14/557} (17. Qh4+ $14)) 13. O-O Bxc5 (13... Bc6 14.
Bc2 (14. b3) 14... Nxc5 15. Nxc5 Bxc5 16. Bd2 (16. Ng5 Qc7 17. Qh5 g6 18. Qf3
Bd4 $132) (16. a3) 16... Qb6 (16... Qc7 $5) 17. Ng5 Bd4 18. Qh5 g6 19. Qf3 Qb7
$13) (13... Nxc5 14. Nxc5 Bxc5 15. Ng5 Be7 16. Qg4 Bxg5 17. Bxg5 Ba6 $1 18.
Bxa6 Qxa6 19. Rfc1 Qd3 $1 $10 {Hansen,Cu-Mueller,Ka/Hamburg SKA/1991/1/2-1/2/
31/}) 14. a3 (14. Re1 N5b6 15. Nxb6 Qxb6 16. Qe2 Rc8 17. a3 Bxf3 18. gxf3 $10 {
Rukavina-Kortschnoj,V/Leningrad izt/1973/0-1/39/} (18. Qxf3 Bd4 $1)) 14... Be7
(14... bxa3 15. Nxc5 Qxc5 16. Rxa3 h6 17. Qe2 Qb6 $14 {Timoshchenko,G-Smagin,S/
Moscow GMA-op (6)/1989/1/2-1/2/49/} 18. Bb5) 15. Bd2 O-O 16. Be4 $1 {Shneider,A
} (16. Re1 Rfd8 (16... Qd8 17. axb4 Nxb4 18. Be4 Bxe4 19. Rxe4 Nd5 $10 {
Radev-Szabo,J/Albena/1970/1/2-1/2/40/ Inf.10/633}) 17. Qb3 Rab8 18. Be4 Bc6 19.
axb4 Bxb4 $10 {Uhlmann,W-Larsen,B/Monte Carlo/1968/1/2-1/2/}) 16... f5 $6 {
N; am Brett gespielt. Während Schwarz schon viel Bedenkzeit verbraucht hat,
spielte Weiss bislang schnell.} (16... Rfd8 17. axb4 Bxb4 18. Bg5 Re8 19. Nc3 {
Shneider,A-Maksimenko,A/URS-sf Ukraine-ch Kherson/1-0/64/ CBM 16}) 17. axb4 $1
Qc7 (17... Bxb4 18. Nc3 $16 (18. Nc3 $1 {Kortschnoj} Qc5 19. Nxd5 $1 $16)) 18.
Rc1 Qb8 19. Bb1 Nxe5 20. Nxe5 Qxe5 21. Re1 $36 Qd4 22. Nc5 $1 Bxc5 23. bxc5
Rac8 24. Rxe6 Rxc5 25. Rxc5 Qxc5 26. Re5 Qd4 27. Qe1 Qxb2 28. Bxf5 $16 Nf6 29.
Bc3 Qb6 30. Re7 Bd5 (30... Qc6 {Kortschnoj} 31. Qe6+ $1) 31. h3 Qc6 32. Qe3 $1
Rf7 33. Bxf6 $1 Qxf6 34. Re5 Ba2 (34... Qd6 $2 35. Rxd5 $1 Qxd5 36. Qe8+ Rf8
37. Be6+ $18) 35. Qe2 g6 (35... Bb3 36. Rb5 (36. Re8+ {Kortschnoj} Rf8 37.
Bxh7+ Kxh7 38. Rxf8 Qxf8 39. Qd3+)) 36. Bxg6 $1 {Eine schöne Kombination in
Zeitnot.} hxg6 37. Re8+ Kg7 38. Qxa2 $18 Qd4 39. Qc2 Qa1+ 40. Kh2 Qf6 41. Re2
Re7 42. Rd2 Qe5+ 43. g3 a5 44. h4 Rc7 45. Qa2 Rf7 46. Qc4 Rc7 47. Qg4 Re7 48.
Kg2 Rc7 49. Qd4 $1 Qxd4 50. Rxd4 {Der schwarze Freibauer ist gestoppt.} Ra7 51.
Ra4 Kh6 52. g4 Kg7 53. Kg3 Ra8 54. f3 Kf6 55. Kf4 Ra7 56. g5+ Kg7 57. Kg4 Rb7
$6 58. Rxa5 Rb4+ 59. Kg3 Rb1 60. Ra7+ Kg8 61. Ra6 {Abgabezug} Kg7 62. Ra7+ Kg8
63. Kg4 Rb4+ 64. f4 Rb1 65. h5 $1 Rg1+ 66. Kf3 gxh5 67. Ke4 h4 68. Kf5 Rf1 69.
Ra3 $1 Kg7 70. Rh3 1-0

[Event "Pamplona 9596 6th"]
[Site "Pamplona"]
[Date "1996.??.??"]
[Round "?"]
[White "San Segundo Carrillo, Pablo"]
[Black "Slobodjan, Roman"]
[Result "1/2-1/2"]
[WhiteElo "2520"]
[BlackElo "2500"]
[Annotator "Ftacnik,L"]
[PlyCount "57"]
[EventDate "1995.12.??"]
[EventType "tourn"]
[EventRounds "9"]
[EventCountry "ESP"]
[EventCategory "13"]
[SourceTitle "CBM 052"]
[Source "ChessBase"]
[SourceDate "1996.06.01"]
[SourceVersion "1"]
[SourceVersionDate "1996.06.01"]
[SourceQuality "1"]

1. d4 d5 2. c4 c6 3. Nc3 Nf6 4. e3 e6 5. Nf3 Nbd7 6. Bd3 dxc4 7. Bxc4 b5 8. Bd3
Bb7 9. e4 b4 10. Na4 c5 11. e5 Nd5 12. O-O cxd4 13. Re1 g6 14. Bd2 Bg7 (14...
a6 15. Be4 Qb8 16. Qc1 Qa7 17. Bh6 $14 {San Segundo/Anand,V/Madrid/1993/}) (
14... Be7 $6 15. Bh6 Bf8 16. Bd2 Be7 17. Nxd4 O-O 18. Bh6 Re8 19. Qg4 Bf8 20.
Bxf8 Rxf8 21. h4 $36 {׻/Alterman,B-Spasov,L/Munich op/1991-92/}) 15. Bb5 a6 (
15... Rc8 16. Bg5 Qa5 17. Nxd4 a6 $1 (17... Rc7 {Alterman,B-Pinter,J/Beersheva/
1991/} 18. a3 $1 O-O 19. Bd2 $36 {Alterman}) 18. Bxd7+ Kxd7 19. Nb3 Qb5 20. Nd4
$10) 16. Nc5 (16. Bg5 $6 axb5 17. Bxd8 Rxd8 $15) (16. Bxd7+ Qxd7 17. Nc5 Qc6
18. Nxb7 Qxb7 19. Nxd4 $10) 16... axb5 (16... Bc8 17. Bc6 Rb8 18. Nxd7 Bxd7 19.
Bxd5 exd5 20. Bg5 Qb6 $10) 17. Nxb7 Qb6 (17... Qb8 18. Nd6+ Kf8 19. Ng5 Nxe5
20. Rxe5 Bxe5 21. Ndxf7 Rg8 22. Nh6 $40) 18. Nd6+ {This knight is so
vulnerable, that the only advantage for white is the threat to the f7 pawn.}
Ke7 (18... Kf8 19. Ng5 Nxe5 20. Ndxf7 $1 (20. Rxe5 Bxe5 (20... Qxd6 21. Qf3 $1
Bf6 22. Rxd5 $1 exd5 23. Bxb4 $1 $18) 21. Ndxf7 $16 {׻,->}) 20... Nxf7 21. Qf3
Qb7 22. Rxe6 $18) 19. Bg5+ (19. Ng5 Rhf8 $1 $8 (19... Nxe5 20. Ndxf7 Nxf7 21.
Rxe6+ Qxe6 22. Nxe6 Kxe6 23. Qb3 $5 $146 {עe6,P}) (19... Raf8 20. Ngxf7 $1
Rxf7 21. Bg5+ Kf8 22. Rc1 $1 Bxe5 23. Rc8+ Kg7 24. Bh6+ $3 Kxh6 25. Nxf7+ Kg7
26. Nxh8 $18) 20. Nxh7 $8 Bxe5 $2 (20... Nxe5 $1 21. Ne4 f5 $1 22. Nxf8 fxe4
23. Nxg6+ Nxg6 24. Qg4 Kf7 $15) 21. Nxf8 Kxf8 $6 22. Ne4 Bg7 (22... Kg7 $142 $5
$16) 23. Qb3 Ra4 24. Rac1 $40 {1-0/Stohl,I-Sakaev,K/Dortmund op-A (06)/1992/ 
(35)}) (19. Rc1 h6 $1 $17 {/\} (19... Nxe5 20. Nxe5 Qxd6 21. Rc6 Qxe5 $1 (21...
Qd8 $2 22. Rxe6+ $16) 22. Rxe5 Bxe5 $13) 20. Nxd4 Bxe5) 19... Kf8 20. Bh4 (20.
Rc1 h6 21. Bh4 Nxe5 $1 (21... Kg8 $2 22. Bg3 Kh7 23. Nxf7 Rhf8 24. Nd6 Nf4 25.
Qd2 Nh5 26. Nxd4 Nxg3 27. hxg3 Bxe5 28. Nxe6 Bxd6 29. Nxf8+ Rxf8 30. Re6 Rf6
31. Rce1 Qc5 32. R1e3 {1-0/Alterman,B-Dreev,A/Manila olm/1992/ (44)}) 22. Nxe5
Qxd6 23. Bg3 $1 (23. Rc6 $2 Qxe5 24. Rxe5 Bxe5 25. Qe2 Bg7 26. Qxb5 Kg8 $15 {
0-1 Hjartarson,J-Akopian,V/WchT Luzern (ISD-ARM) (04)/ 1993 (40)}) 23... Qe7
24. h4 $1 Kg8 $5 25. h5 Kh7 26. Rc6 $1 Rhe8 $1 27. hxg6+ fxg6 28. Nxg6 Kxg6 29.
Rexe6+ Qxe6 30. Qg4+ Kf7 31. Rxe6 Rxe6 32. Qf3+ Kg8 33. Qxd5 Rae8 34. Bd6 $14)
(20. Nxd4 Bxe5 21. Bh6+ (21. N6xb5 Kg7 $36) 21... Ke7 22. N6xb5 Rhc8 $15 {[+]})
20... Nxe5 21. Nxe5 Qxd6 22. Bg3 Qe7 23. Rc1 Kg8 24. Nc6 (24. Qxd4 h6 (24...
Rxa2 $2 25. Rc8+ Bf8 26. Nc6 Qf6 (26... Qd7 27. Rxf8+ Kxf8 28. Qxh8#) 27. Be5
$18)) (24. h4 $5 Rxa2 25. Rc8+ Bf8 26. Qxd4 $44) 24... Qd7 25. Qf3 Rf8 (25...
Rxa2 $5 26. Ne5 Qe7 27. Rc8+ Bf8 $13) 26. Ne5 Qd8 27. Nc6 Qd7 (27... Qb6 $2 28.
Qxd5 exd5 29. Ne7#) 28. Ne5 Qd8 29. Nc6 1/2-1/2

[Event "Biel"]
[Site "Biel"]
[Date "1992.??.??"]
[Round "10"]
[White "Hansen, Curt"]
[Black "Shirov, Alexei"]
[Result "0-1"]
[WhiteElo "2635"]
[BlackElo "2710"]
[Annotator "Ftacnik,L"]
[PlyCount "44"]
[EventDate "1992.07.??"]
[EventType "tourn"]
[EventRounds "14"]
[EventCountry "SUI"]
[EventCategory "16"]
[SourceTitle "CBM 031"]
[Source "ChessBase"]
[SourceDate "1992.12.01"]
[SourceVersion "1"]
[SourceVersionDate "1992.12.01"]
[SourceQuality "1"]

1. d4 {Shirov} d5 2. c4 c6 3. Nc3 Nf6 4. Nf3 e6 5. e3 Nbd7 6. Bd3 dxc4 7. Bxc4
b5 8. Bd3 Bb7 9. e4 b4 10. Na4 c5 11. e5 Nd5 12. dxc5 Nxc5 13. Bb5+ Nd7 14. Bg5
Qa5 15. Nd4 (15. Bxd7+ Kxd7 16. O-O h6 (16... Bc6 17. b3 Bxa4 18. bxa4 h6 19.
Be3 Be7 20. Nd4 Rhc8 21. Qh5 g6 22. Qf3 Ke8 23. Nb5 Qxa4 24. Nd6+ Bxd6 25. exd6
$40 {Balashov,Y-Mariotti,S/Leningrad/1977/}) 17. Bd2 Bc6 18. b3 Bxa4 19. bxa4
Bc5 20. a3 Rhc8 21. Rb1 Rab8 22. Ne1 Ke8 $13 {Cvitan,O-Kharlov,A/Bern/1992/})
15... Ba6 $5 {N} (15... Be7 16. Rc1 Bxg5 17. Bxd7+ Kxd7 18. Nc5+ Ke7 19. Nxb7
Qb6 20. Nf5+ exf5 21. Qxd5 Bxc1 22. Nd6 Raf8 23. Nxf5+ Ke8 24. Nxg7+ Ke7 25.
Nf5+ Ke8 26. O-O Bxb2 27. Rd1 {1-0/Wells,P-Muir,A/BCF-ch/1989/}) 16. Bc6 (16.
Bxa6 Qxa6 17. Nf3 N7b6 $15 (17... h6 {Shirov} 18. Be3 (18. Bd2 g5 $17) 18... g5
19. Bd4 Bg7 $17)) (16. Bxd7+ {Shirov} Kxd7 17. Nb3 Qb5 18. Rc1 Rc8 19. Rxc8
Kxc8 20. Nd4 Qd3 21. Qxd3 Bxd3 22. Kd2 $10) 16... Rc8 (16... b3+ $6 {Shirov}
17. Bd2 Nb4 18. Bc3 $1 Qxe5+ 19. Ne2 Qxe2+ 20. Qxe2 Bxe2 21. Bxa8 Bb5 22. axb3
$13) 17. Rc1 (17. b3 {Shirov} Rxc6 $1 18. Nxc6 Qc7 $17) 17... b3+ $1 18. Nc3 (
18. Bd2 Nb4 $1) 18... bxa2 (18... Nb4 $2 19. Bxd7+ Kxd7 20. Nxb3+ Nd3+ 21.
Qxd3+ Bxd3 22. Nxa5 $18) 19. Bxd7+ (19. Qa4 Qxa4 20. Nxa4 Nb4 $17) 19... Kxd7
20. Nde2 Be7 21. Bxe7 (21. Bd2 Nb4 $19) 21... Kxe7 22. O-O Rhd8 {Ftacnik,L} (
22... Rhd8 23. Qc2 Nxc3 24. bxc3 Bd3 $19 (24... Qxe5 {Shirov} 25. Rfe1 Bxe2 26.
Rxe2 Rxc3 $19)) 0-1